000 01320nam a22003737a 4500
003 CHAP
005 20220329135945.0
008 971013s1977 r 00010 d
010 _a44698
011 _a45670
035 _a49809
040 _cCHAP
090 _aTesis
100 0 0 _aRamírez Vega, Sergio.
_994326
245 _aSelección masal moderna en variedades de maíz perla amarillo y perla blanco en cuatro localidades de la sierra de Chihuahua
260 _aChapingo, Méx. :
_bEl autor,
_c1977
300 _a151 h.
502 _aTesis (M. C. Esp. en Genética) -- UACH. Colegio de Postagraduados. Rama de Genética
590 _aALEPH
_b10
_c20130110
_lUCH01
_h1314
590 _aBATCH-UPD
_b10
_c20130110
_lUCH01
_h0302
590 _aBATCH-UPD
_b10
_c20130110
_lUCH01
_h2035
590 _aBATCH-UPD
_b10
_c20130409
_lUCH01
_h2334
590 _aBATCH-UPD
_b10
_c20130410
_lUCH01
_h1351
590 _aBATCH-UPD
_b10
_c20130914
_lUCH01
_h1747
590 _aCONVERSION
_b10
_c20130109
_lUCH01
_h1325
650 1 4 _aMaíz
_xChihuahua.
_970898
650 1 4 _aMaíz
_xSelección masal.
_971058
650 1 4 _aMaíz
_xVariedades.
_971081
901 _aBK
942 _cFOLL
949 _bBC
_cTES
_d-112267
_eTS1
_i49809
_si
949 _bBC
_cTES
_d-112268
_eTS2
_fc.2
_i49809
_si
949 _bBC
_cTES
_d-112269
_eTS2
_fc.3
_i49809
_si
999 _c44698
_d44698